Libro della divina dottrina (Record no. 183393)

MARC details
000 -LEADER
campo de control de longitud fija 00803nam a2200229 i 4500
001 - NÚMERO DE CONTROL
campo de control 183393
003 - IDENTIFICADOR DE NÚMERO DE CONTROL
campo de control ES-MaACL
005 - FECHA Y HORA DE LA ÚLTIMA TRANSACCIÓN
campo de control 20250815070156.0
008 - DATOS DE LONGITUD FIJA--INFORMACIÓN GENERAL
campo de control de longitud fija 140414s1912 it | |||| ||ita d
080 ## - NÚMERO DE LA CLASIFICACIÓN DECIMAL UNIVERSAL
Número de la Clasificación Decimal Universal 231.52
100 0# - ENTRADA PRINCIPAL--NOMBRE DE PERSONA
Nombre de persona Catalina de Siena
Títulos y otros términos asociados al nombre Santa.
9 (RLIN) 37040
245 10 - MENCIÓN DEL TÍTULO
Título Libro della divina dottrina
Resto del título : volgarmente detto Dialogo della Divina Provvidenza /
Mención de responsabilidad, etc. Santa Caterina da Siena ; a cura di Matilde Fiorilli.
250 ## - MENCION DE EDICION
Mención de edición Nuova edizione secondo un inedito codice senese.
260 ## - PUBLICACIÓN, DISTRIBUCIÓN, ETC.
Lugar de publicación, distribución, etc. Bari :
Nombre del editor, distribuidor, etc. Gius. Laterza & Figli,
Fecha de publicación, distribución, etc. 1912.
300 ## - DESCRIPCIÓN FÍSICA
Extensión 474 p. ;
Dimensiones 21 cm.
490 1# - MENCIÓN DE SERIE
Mención de serie Scrittori d'Italia ;
Designación de volumen o secuencia 34
650 04 - PUNTO DE ACCESO ADICIONAL DE MATERIA--TÉRMINO DE MATERIA
Término de materia o nombre geográfico como elemento de entrada Providencia divina.
9 (RLIN) 16525
700 1# - ENTRADA AGREGADA--NOMBRE PERSONAL
Nombre de persona Fiorilli, Matilde.
9 (RLIN) 154703
830 00 - PUNTO DE ACCESO ADICIONAL DE SERIE-TÍTULO UNIFORME
Título uniforme Scrittori d'Italia
Designación de volumen o secuencia 34
9 (RLIN) 191925
852 ## - LOCALIZACIÓN
Ubicación ES-MaACL
Número de control de estantería G-3735
Holdings
Estatus retirado Estado de pérdida Estado de daño No para préstamo Biblioteca de origen Biblioteca actual Ubicación en estantería Fecha de adquisición Fuente de adquisición Total de préstamos Signatura topográfica completa Código de barras Visto por última vez Precio de reemplazo Tipo de ítem Koha
        Biblioteca del Ateneo de Madrid Biblioteca del Ateneo de Madrid Depósito 2 14/04/2014     G-3735 1192762 23/02/2023 23/02/2023 Libro impreso